| 000 | 004630000a22001450004500 | ||
|---|---|---|---|
| 090 |
_aAR _b02573 |
||
| 245 | 1 | 0 | _aImportance of the relationship between population density and habitat area |
| 650 | 1 | 4 |
_aEcología _992250 |
| 650 | 1 | 4 |
_aBiología de poblaciones _996056 |
| 650 | 1 | 4 |
_aMétodos de investigación _992859 |
| 041 | 0 | _aInglés | |
| 100 | 1 |
_aMatter, Stephen E. _994887 |
|
| 942 | _cARTICULO | ||
| 773 | 1 |
_tOIKOS: Journal of Ecology _3911 _h3 _q613-619 _d2000 _g89 |
|
| 999 |
_c11637 _d11637 |
||